000 00888nam a2200277Ia 4500
003 OSt
005 20220918170845.0
006 a|||||r|||| 00| 0
007 ta
008 220917b |||||||| |||| 00| 0 eng d
020 _a9780745647029 (pbk)
_c1644.74
024 _a242,518
037 _b10-02245, 05/07/2010, Atlantic Publisher & Dist.Pvt.Ltd.
_cTextual
040 _aARTS
_cARTS
_beng
041 _2eng
_aeng
082 _aY7:1, Q0
100 _aGuibernau Montserrat Ed.
245 0 _aEthnicity reader
_bNationalism, multiculturalism and migration
250 _a2nd
260 _aCambridge
_bPolity
_c2010
300 _aix,392p.
_ccm.
650 _aSOCIOLOGY
700 _a Rex John Ed.
_931726
942 _hY7:1, Q0
_cTEXL
_2CC
999 _c136261
_d136261